01214 a2200241 45000010006000000050017000060080041000230030015000640400040000790800130001192450030002490200018002792640043002973000019003405050441003591000028008007000025008287000024008537000022008777000027008997000021009267000025009473209420260407155622.0260407a1998 arg spa dAR-UNSa-BCEJYS aAR-UNSa-BCEJYSbspacAR-UNSa-BCEJYS a658.01xMetodología. Teoría y práctica de la organización( teoria de la organización, análisis organizacional...)10aQué es administración a950-537-421-6 1aBuenos Aires :bEdiciones Macchic1998 a393 p.c23 cm. a1. Conociendo a la administración, a las organizaciones y a la adminsitración de organizaciones - 2.Evolución del pensamiento de administración - 3. Diseño de estrategia organizacional - 4. Estructura de la organización (estudio de las formas que adoptan las organizaciones para la articulación del valor agregado)- 5. Procesos administrativo - 6. Especificidades y demanadas al conocimiento administrativo contemporaneo. 1 aGeli, Alejandro César1 aLarocca, Héctor A.1 aBarcos, Santiago J.1 aNarvaez, Jorge L.1 aFainstein, Héctor N.1 aFranco, Jorge A.1 aNuñez, Graciela A.